<?xml version="1.0" encoding="UTF-8"?>
<record
    xmlns:xsi="http://www.w3.org/2001/XMLSchema-instance"
    xsi:schemaLocation="http://www.loc.gov/MARC21/slim http://www.loc.gov/standards/marcxml/schema/MARC21slim.xsd"
    xmlns="http://www.loc.gov/MARC21/slim">

  <leader>00729nam a2200205Ia 4500</leader>
  <controlfield tag="001">57557</controlfield>
  <controlfield tag="003">OSt</controlfield>
  <controlfield tag="005">20150702102514.0</controlfield>
  <controlfield tag="008">140507s9999    xx            000 0 und d</controlfield>
  <datafield tag="020" ind1=" " ind2=" ">
    <subfield code="a">9780199060160</subfield>
  </datafield>
  <datafield tag="040" ind1=" " ind2=" ">
    <subfield code="c">PK-LaUMT</subfield>
  </datafield>
  <datafield tag="082" ind1=" " ind2=" ">
    <subfield code="a"> 891.4393</subfield>
    <subfield code="b">SIR-A</subfield>
  </datafield>
  <datafield tag="100" ind1=" " ind2=" ">
    <subfield code="a">Sirshar, Rattan Nath(&#x633;&#x631;&#x634;&#x627;&#x631;&#x60C; &#x631;&#x62A;&#x646; &#x646;&#x627;&#x62A;&#x6BE;)</subfield>
  </datafield>
  <datafield tag="245" ind1=" " ind2=" ">
    <subfield code="a">Alif laila (Urdu)(&#x627;&#x644;&#x641; &#x644;&#x6CC;&#x644;&#x6CC;)</subfield>
    <subfield code="c">Sirshar, Rattan Nath&lt;&gt;Shamsu Rahman Farooqi(&#x633;&#x631;&#x634;&#x627;&#x631;&#x60C; &#x631;&#x62A;&#x646; &#x646;&#x627;&#x62A;&#x6BE;[ &#x634;&#x645;&#x633; &#x631;&#x62D;&#x645;&#x627;&#x646; &#x641;&#x627;&#x631;&#x648;&#x642;&#x6CC;)</subfield>
  </datafield>
  <datafield tag="260" ind1=" " ind2=" ">
    <subfield code="a">Karachi,Pakistan:(&#x6A9;&#x631;&#x627;&#x686;&#x6CC; &#x60C; &#x67E;&#x627;&#x6A9;&#x633;&#x62A;&#x627;&#x646; )</subfield>
    <subfield code="b">Oxford University Press,(&#x627;&#x648;&#x6A9;&#x633;&#x641;&#x631;&#x688; &#x6CC;&#x648;&#x646;&#x6CC;&#x648;&#x631;&#x633;&#x679;&#x6CC; &#x67E;&#x631;&#x6CC;&#x633;)</subfield>
    <subfield code="c">2010</subfield>
  </datafield>
  <datafield tag="501" ind1=" " ind2=" ">
    <subfield code="a">4 vols</subfield>
  </datafield>
  <datafield tag="546" ind1=" " ind2=" ">
    <subfield code="a">ur</subfield>
  </datafield>
  <datafield tag="700" ind1=" " ind2=" ">
    <subfield code="a">Shamsu Rahman Farooqi</subfield>
  </datafield>
  <datafield tag="942" ind1=" " ind2=" ">
    <subfield code="c">BK</subfield>
    <subfield code="2">ddc</subfield>
  </datafield>
  <datafield tag="999" ind1=" " ind2=" ">
    <subfield code="c">54842</subfield>
    <subfield code="d">54842</subfield>
  </datafield>
  <datafield tag="952" ind1=" " ind2=" ">
    <subfield code="0">0</subfield>
    <subfield code="1">0</subfield>
    <subfield code="2">ddc</subfield>
    <subfield code="4">0</subfield>
    <subfield code="7">0</subfield>
    <subfield code="a">01</subfield>
    <subfield code="b">01</subfield>
    <subfield code="d">2014-05-07</subfield>
    <subfield code="l">9</subfield>
    <subfield code="o"> 891.4393 SIR-A</subfield>
    <subfield code="p">77083</subfield>
    <subfield code="r">2021-09-21 00:00:00</subfield>
    <subfield code="s">2021-08-30</subfield>
    <subfield code="w">2014-05-08</subfield>
    <subfield code="y">BK</subfield>
  </datafield>
  <datafield tag="952" ind1=" " ind2=" ">
    <subfield code="0">0</subfield>
    <subfield code="1">0</subfield>
    <subfield code="2">ddc</subfield>
    <subfield code="4">0</subfield>
    <subfield code="7">0</subfield>
    <subfield code="a">01</subfield>
    <subfield code="b">01</subfield>
    <subfield code="d">2014-06-28</subfield>
    <subfield code="l">3</subfield>
    <subfield code="o">891.4393 SIR-A</subfield>
    <subfield code="p">77084</subfield>
    <subfield code="r">2024-12-05 17:22:32</subfield>
    <subfield code="s">2024-11-26</subfield>
    <subfield code="w">2014-06-28</subfield>
    <subfield code="y">BK</subfield>
  </datafield>
  <datafield tag="952" ind1=" " ind2=" ">
    <subfield code="0">0</subfield>
    <subfield code="1">0</subfield>
    <subfield code="2">ddc</subfield>
    <subfield code="4">0</subfield>
    <subfield code="7">0</subfield>
    <subfield code="a">01</subfield>
    <subfield code="b">01</subfield>
    <subfield code="d">2014-06-28</subfield>
    <subfield code="l">2</subfield>
    <subfield code="o">891.4393 SIR-A</subfield>
    <subfield code="p">77085</subfield>
    <subfield code="r">2024-12-06 15:56:15</subfield>
    <subfield code="s">2024-11-29</subfield>
    <subfield code="w">2014-06-28</subfield>
    <subfield code="y">BK</subfield>
  </datafield>
  <datafield tag="952" ind1=" " ind2=" ">
    <subfield code="0">0</subfield>
    <subfield code="1">0</subfield>
    <subfield code="2">ddc</subfield>
    <subfield code="4">0</subfield>
    <subfield code="7">0</subfield>
    <subfield code="a">01</subfield>
    <subfield code="b">01</subfield>
    <subfield code="d">2014-06-28</subfield>
    <subfield code="l">2</subfield>
    <subfield code="o">891.4393 SIR-A</subfield>
    <subfield code="p">77086</subfield>
    <subfield code="r">2024-12-04 11:17:53</subfield>
    <subfield code="s">2024-12-02</subfield>
    <subfield code="w">2014-06-28</subfield>
    <subfield code="y">BK</subfield>
  </datafield>
</record>
